| 000 | 00850nam a2200253Ia 4500 | ||
|---|---|---|---|
| 008 | 160404s9999 xx 000 0 und d | ||
| 020 | _a978-971-27-1933-2 | ||
| 050 | _aFIL HD 57.7 | ||
| 050 | _b.B58 2007 | ||
| 245 | _aBlue way : | ||
| 245 | _bcase studies on leadership, strategy, and ethics / | ||
| 245 | _cedited by Joseph, I.B. Gonzales & Jonathan Chua. | ||
| 260 | _aPasig City: | ||
| 260 | _bAnvil Pub. Inc., | ||
| 260 | _c2007 | ||
| 300 | _a358 pages : | ||
| 300 | _billustrations ; | ||
| 300 | _c23 cm. | ||
| 500 | _aIncludes index. | ||
| 650 | _aLeadership -- Moral and ethical aspects -- Philippines -- Case studies. | ||
| 650 | _aManagement -- Philippines -- Case studies. | ||
| 650 | _xBusiness ethics -- Philippines -- Case studies. | ||
| 650 | _xSocial responsibility of business -- Philippines -- Case studies. | ||
| 999 |
_c293254 _d293254 |
||